000 00235 a2200097 4500
001 44418
100 _aSolodounikou
245 _aAutomatic Control & Computer Engineering
260 _aOxford
_bPergamon Press
_c
090 _c28134
_d28134
942 _aNUST-CAE
_cM
_c20152
999 _c279491
_d279491